000 01110nam a22002657a 4500
001 10110
003 FISKH
005 20260421085503.0
008 260421b cb ||||| |||| 00| 0 eng d
020 _a078814004996
040 _aFISKH
_beng
_cFISKH
_dFISKH
082 _a371
100 _aTallarico, Tony
245 _aLicense plates across the states:
_bTravel puzzles and games /
_cby Tony and Tony Tallarico ; cover and sticker illustrations by Cameron Eagle
260 _aNew York :
_bPrice Stern Sloan,
_c2005.
300 _a24 pages :
_billustrations ;
_c28 cm
505 _aJ
520 _aThis fantastic activity book is chock-full of mazes, puzzles, word searches, word scrambles, trivia, and travel games all about the 50 states! And you can use the cool, full-color license plate stickers to play the "license plate game" on the fun United States map that spans the center spread.
521 8 _a500
_bLexile estimate
521 8 _aJ
_bRaz-Plus
700 _aTallarico, Tony
_eAuthor
700 _aEagle, Cameron
_eillustrator
942 _2ddc
_cBK
_n0
999 _c10110
_d10110